000 00657nam a2200217 i 4500
001 134670
003 ES-MaACL
005 20230906194724.0
007 t|
008 070912s1933 fr ||||1| fre d
100 1 _aWeigall, Arthur.
_9116321
245 1 0 _aMarc-Antoine
_b: sa vie et son temps /
_cArthur Weigall ; traduction par Maurice Gerin.
260 _aParis :
_bPayot,
_c1933 (
_fR. Bussiere)
300 _a543 p. ;
_c23 cm.
490 1 _aBibliothéque historique
600 1 4 _aAntonio, Marco.
_9149935
700 1 _aGerin, Maurice.
_956451
830 0 _aBibliothéque historique
_9180899
852 _aES-MaACL
_jA-1984
999 _c134670
_d134670